[Event "BCF-ch Seniors 65 U150"]
[Site "Coventry"]
[Date "2015.08.04"]
[Round "2"]
[White "Allen, Timothy S"]
[Black "Peate, John A"]
[Result "1-0"]
[WhiteElo "1558"]
[BlackElo "120"]
[PlyCount "61"]
[EventDate "2015.08.03"]
[EventType "swiss"]
[EventRounds "5"]
[EventCountry "ENG"]
[SourceTitle "CBM 167 Extra"]
[Source "ChessBase"]
[SourceDate "2015.09.14"]
[SourceVersion "1"]
[SourceVersionDate "2015.09.14"]
[SourceQuality "1"]

1. e4 c5 2. Nf3 d6 3. d4 cxd4 4. c3 dxc3 5. Nxc3 e6 6. Bc4 Nf6 7. e5 d5 8. exf6 dxc4 9. Qxd8+ Kxd8 10. Bg5 g6 11. Ne5 Ke8 12. Nb5 Bb4+ 13. Ke2 Na6 14. Rhd1 h6 15. Be3 Ba5 16. Nd6+ Kf8 17. Ndxc4 Bc7 18. Rac1 b5 19. Nd6 Bxd6 20. Rxd6 Bb7 21. Rcd1 Kg8 22. Rd8+ Rxd8 23. Rxd8+ Kh7 24. Rxh8+ Kxh8 25. Nxf7+ Kh7 26. f3 g5 27. Bxa7 Kg6 28. Nd6 Bd5 29. f7 Kg7 30. Ke3 Nc7 31. Bb6 1-0